[Event "Wch U16"]
[Site "Montesilvano"]
[Date "2023.11.16"]
[Round "4"]
[White "Maglioni, Leonardo"]
[Black "Chyndygyr, Tamerlan"]
[Result "0-1"]
[WhiteElo "2109"]
[BlackElo "2260"]
[PlyCount "128"]
[EventDate "2023.11.13"]
[EventType "swiss"]
[EventRounds "11"]
[EventCountry "ITA"]
[SourceTitle "CB48_2023"]
[SourceDate "2023.11.29"]
[SourceVersion "1"]
[SourceVersionDate "2023.11.29"]
[SourceQuality "1"]

1. e4 c5 2. Nf3 Nc6 3. d4 cxd4 4. Nxd4 e5 5. Nb5 d6 6. c4 Be7 7. N1c3 a6 8. Na3 Be6 9. Be2 Nf6 10. 0-0 0-0 11. Nc2 Rc8 12. Be3 Na5 13. b3 b5 14. Nd5 Bxd5 15. exd5 bxc4 16. b4 Nb7 17. Na3 a5 18. b5 Nd7 19. Nxc4 Bg5 20. Ba7 Ra8 21. b6 Rc8 22. Rb1 Rc5 23. Na3 Qe7 24. Bb5 e4 25. Qa4 Nf6 26. Nc4 Nxd5 27. Nxa5 Nc3 28. Nxb7 Nxa4 29. Nxc5 Nxc5 30. Bc6 Nb7 31. Rb5 Bd2 32. a4 Rc8 33. Bd5 Rc5 34. Rxc5 dxc5 35. Rd1 e3 36. fxe3 Bxe3+ 37. Kh1 Bd4 38. Bf3 c4 39. Bxb7 c3 40. Be4 Qxe4 41. b7 Qxb7 42. Bxd4 c2 43. Rg1 Qe4 44. Bb2 Qxa4 45. Bc1 Qd4 46. Rf1 Qd1 47. Kg1 f6 48. Kf2 Kf7 49. Re1 g5 50. g3 Kg6 51. Rf1 h5 52. h3 Kf5 53. Kg2+ Ke4 54. Bb2 Qd2+ 55. Kg1 Qe3+ 56. Kg2 h4 57. gxh4 gxh4 58. Bc1 Qg3+ 59. Kh1 Qxh3+ 60. Kg1 Qg3+ 61. Kh1 h3 62. Rg1 Qf3+ 63. Kh2 Qf2+ 64. Kh1 h2 0-1

[Event "Wch U16"]
[Site "Montesilvano"]
[Date "2023.11.15"]
[Round "3"]
[White "Heinrich, John"]
[Black "Maglioni, Leonardo"]
[Result "1/2-1/2"]
[WhiteElo "2269"]
[BlackElo "2109"]
[PlyCount "65"]
[EventDate "2023.11.13"]
[EventType "swiss"]
[EventRounds "11"]
[EventCountry "ITA"]
[SourceTitle "CB48_2023"]
[SourceDate "2023.11.29"]
[SourceVersion "1"]
[SourceVersionDate "2023.11.29"]
[SourceQuality "1"]

1. e4 c5 2. Nf3 d6 3. d4 cxd4 4. Nxd4 Nf6 5. Nc3 Nc6 6. Bg5 e6 7. Qd2 a6 8. 0-0-0 Bd7 9. f3 Be7 10. h4 Nxd4 11. Qxd4 b5 12. Qd2 Qc7 13. Kb1 h6 14. Bf4 e5 15. Be3 Rc8 16. g4 b4 17. Nd5 Nxd5 18. exd5 Qb7 19. h5 a5 20. g5 Bf5 21. Bd3 Bxd3 22. Qxd3 Bxg5 23. Bxg5 hxg5 24. Qf5 Rc5 25. Qxg5 Rxd5 26. Rdg1 f6 27. Qf5 Qd7 28. Qe4 Rd4 29. Qa8+ Qd8 30. Qb7 Qd7 31. Qb8+ Qd8 32. Qb7 Qd7 33. Qb8+ 1/2-1/2

[Event "Wch U16"]
[Site "Montesilvano"]
[Date "2023.11.14"]
[Round "2"]
[White "Maglioni, Leonardo"]
[Black "Smeets, Kobe"]
[Result "1/2-1/2"]
[WhiteElo "2109"]
[BlackElo "2266"]
[PlyCount "67"]
[EventDate "2023.11.13"]
[EventType "swiss"]
[EventRounds "11"]
[EventCountry "ITA"]
[SourceTitle "CB48_2023"]
[SourceDate "2023.11.29"]
[SourceVersion "1"]
[SourceVersionDate "2023.11.29"]
[SourceQuality "1"]

1. e4 c5 2. Nf3 e6 3. d4 cxd4 4. Nxd4 Nc6 5. Nc3 Qc7 6. Be3 a6 7. Qd2 Nf6 8. 0-0-0 Be7 9. f3 b5 10. Nxc6 dxc6 11. Qf2 c5 12. Qg3 Qxg3 13. hxg3 Bb7 14. a4 b4 15. Nb1 Nd7 16. Nd2 Nb6 17. a5 Nd7 18. Nc4 0-0-0 19. Bf4 e5 20. Nxe5 g5 21. Nxd7 Rxd7 22. Rxd7 Kxd7 23. Be3 h6 24. Bc4 f6 25. g4 Kc7 26. c3 bxc3 27. bxc3 Bf8 28. Kc2 Bd6 29. Bd5 Bc6 30. Rb1 Ba4+ 31. Bb3 Bb5 32. Bd5 Ba4+ 33. Bb3 Bb5 34. Bd5 1/2-1/2

[Event "Trieste op 25th"]
[Site "Trieste"]
[Date "2023.09.02"]
[Round "1"]
[White "Ivanisevic, Ivan"]
[Black "Maglioni, Leonardo"]
[Result "1-0"]
[WhiteElo "2541"]
[BlackElo "2153"]
[PlyCount "65"]
[EventDate "2023.09.02"]
[EventType "swiss"]
[EventRounds "9"]
[EventCountry "ITA"]
[SourceTitle "EXT 2024"]
[Source "ChessBase"]
[SourceDate "2023.10.10"]
[SourceVersion "1"]
[SourceVersionDate "2023.10.10"]
[SourceQuality "1"]

1. Nf3 Nf6 2. c4 e6 3. g3 d5 4. Bg2 c6 5. 0-0 Be7 6. b3 0-0 7. e3 Nbd7 8. Bb2 a5 9. Nc3 e5 10. cxd5 e4 11. Nd4 cxd5 12. d3 Nc5 13. dxe4 Ncxe4 14. Qd3 Nxc3 15. Bxc3 Qb6 16. Ne2 Bd7 17. Rfc1 Bb5 18. Qd1 Ba3 19. Rc2 Rfd8 20. Nf4 Ne4 21. Bd4 Qd6 22. Nxd5 Qxd5 23. Qg4 Qg5 24. Qxe4 Bc6 25. Qe5 Qg6 26. Bxc6 Rxd4 27. Bxb7 Qxc2 28. Qxd4 Rb8 29. Be4 Qe2 30. Qe5 Rd8 31. Qxa5 Rd2 32. Rf1 Rxa2 33. Bb1 1-0

[Event "ITA-ch sf 82nd"]
[Site "Villesse"]
[Date "2023.07.19"]
[Round "6"]
[White "Maglioni, Leonardo"]
[Black "Bettalli, Francesco"]
[Result "1/2-1/2"]
[WhiteElo "2137"]
[BlackElo "2266"]
[PlyCount "116"]
[EventDate "2023.07.15"]
[EventType "swiss"]
[EventRounds "9"]
[EventCountry "ITA"]
[SourceTitle "CBM 215 Extra"]
[Source "ChessBase"]
[SourceDate "2023.09.30"]
[SourceVersion "1"]
[SourceVersionDate "2023.09.30"]
[SourceQuality "1"]

1. e4 c5 2. Nf3 Nc6 3. d4 cxd4 4. Nxd4 Nf6 5. Nc3 e5 6. Ndb5 d6 7. Bg5 a6 8. Na3 b5 9. Nd5 Be7 10. Bxf6 Bxf6 11. c3 Bg5 12. Nc2 Rb8 13. Be2 0-0 14. 0-0 a5 15. Na3 Na7 16. Qd3 f5 17. Bf3 g6 18. Rfd1 Be6 19. Ne3 Bxe3 20. fxe3 Rb6 21. exf5 gxf5 22. Bd5 Qf6 23. Rf1 Kg7 24. Bxe6 Qxe6 25. c4 b4 26. Nc2 Nc6 27. b3 a4 28. Rf3 Ne7 29. Raf1 Rbb8 30. Rd1 Rfd8 31. Qd2 d5 32. c5 Nc6 33. Qf2 Ne7 34. Qh4 Qf6 35. Qh5 h6 36. Rdf1 Rf8 37. g4 Qg6 38. Qh4 Qg5 39. Qxg5+ hxg5 40. gxf5 Kf6 41. Rh3 axb3 42. axb3 Rh8 43. Rhf3 Nc6 44. Rd1 Rhd8 45. Rf2 Rb5 46. Ra1 Rxc5 47. Ra6 Kf7 48. Rb6 d4 49. exd4 exd4 50. Nxb4 Nxb4 51. Rxb4 d3 52. Rd2 Rxf5 53. Rg4 Kf6 54. Rg3 Rfd5 55. Re3 g4 56. h3 Kg5 57. hxg4 Kxg4 58. Kg2 Kf4 1/2-1/2

[Event "ITA-ch U20"]
[Site "Tarvisio"]
[Date "2023.07.09"]
[Round "9"]
[White "Catanzaro, Claudio"]
[Black "Maglioni, Leonardo"]
[Result "0-1"]
[WhiteElo "1865"]
[BlackElo "2137"]
[PlyCount "110"]
[EventDate "2023.07.02"]
[EventType "swiss"]
[EventRounds "9"]
[EventCountry "ITA"]
[SourceTitle "EXT 2024"]
[Source "ChessBase"]
[SourceDate "2023.10.10"]
[SourceVersion "1"]
[SourceVersionDate "2023.10.10"]
[SourceQuality "1"]

1. e4 c5 2. Nf3 Nc6 3. d4 cxd4 4. Nxd4 Nf6 5. Nc3 d6 6. Bg5 e6 7. Qd2 a6 8. 0-0-0 h6 9. Nxc6 bxc6 10. Bf4 d5 11. Qe3 Qa5 12. Be2 Bb4 13. Be5 dxe4 14. Qg3 Bxc3 15. Bc7 Bxb2+ 16. Kb1 Be5 17. Bxa5 Bxg3 18. Rd8+ Ke7 19. Rxh8 Rb8+ 20. Kc1 Bf4+ 21. Bd2 Be5 22. c3 Ne8 23. f3 Nf6 24. Kc2 exf3 25. Bxf3 Nd5 26. g3 Bd6 27. Rg8 e5 28. Kd1 Bg4 29. Bxg4 Rxg8 30. Rf1 Rb8 31. Kc2 Nc7 32. c4 Ne6 33. Bc3 f6 34. Bf3 c5 35. Be4 Nf8 36. g4 Ne6 37. h4 Nf4 38. h5 Bc7 39. Rf3 Ne6 40. Bd5 Nd8 41. Be4 Bb6 42. Bg6 Nc6 43. Be4 Kd6 44. Rd3+ Kc7 45. Bf5 Rd8 46. Rxd8 Kxd8 47. Kd3 Ke7 48. Ke4 Kd6 49. Kd3 Ba5 50. Bxa5 Nxa5 51. Be4 Nc6 52. Bxc6 Kxc6 53. Ke4 Kd6 54. Kf5 Ke7 55. Kg6 e4 0-1

[Event "Parma City of Culture op 3rd"]
[Site "Parma"]
[Date "2023.01.07"]
[Round "4"]
[White "Gilevich, Artem"]
[Black "Maglioni, Leonardo"]
[Result "1/2-1/2"]
[WhiteElo "2423"]
[BlackElo "1948"]
[PlyCount "229"]
[EventDate "2023.01.06"]
[EventType "swiss"]
[EventRounds "6"]
[EventCountry "ITA"]
[SourceTitle "CBM 212 Extra"]
[Source "ChessBase"]
[SourceDate "2023.03.31"]
[SourceVersion "1"]
[SourceVersionDate "2023.03.31"]
[SourceQuality "1"]

1. e4 c5 2. Nf3 Nc6 3. Bb5 g6 4. c3 Qb6 5. Na3 Bg7 6. 0-0 a6 7. Bc4 e6 8. Re1 Nge7 9. e5 0-0 10. d4 cxd4 11. cxd4 d5 12. exd6 Nd5 13. Re4 Qd8 14. Bg5 Qxd6 15. Rh4 Nce7 16. Bd3 b5 17. Qd2 Bb7 18. Nc2 Nf5 19. Bxf5 exf5 20. Bh6 Qf6 21. Bxg7 Qxg7 22. Ne5 f6 23. Nd3 Rac8 24. Rh3 Rfd8 25. Nc5 Qf7 26. Rd3 Nb6 27. Ne3 Be4 28. Rc3 Nd5 29. Nxd5 Qxd5 30. Rac1 b4 31. Rc4 Bxg2 32. Ne4 Qxc4 33. Nxf6+ Kf7 34. Rxc4 Rxc4 35. Kxg2 Kxf6 36. d5 Re4 37. Qd3 Rd6 38. a3 Re5 39. Qd4 Rdxd5 40. Qxb4 Re7 41. Qc3+ Ke6 42. Qc4 Ra7 43. b4 Kd6 44. Qc8 Re5 45. Qb8+ Rc7 46. Qb6+ Rc6 47. Qd8+ Ke6 48. Qg8+ Kd7 49. Qxh7+ Re7 50. Qg8 Kc7 51. Qa8 Ree6 52. Qa7+ Kc8 53. h4 Rf6 54. Qa8+ Kc7 55. Qe8 Rcd6 56. Qe5 Kb7 57. f3 Ka7 58. Kg3 Kb7 59. Kf4 Rfe6 60. Qg7+ Ka8 61. Kg5 Rb6 62. Qd7 Rec6 63. a4 Rd6 64. Qc8+ Rb8 65. Qc5 Rbb6 66. Qe5 Re6 67. Qd5+ Ka7 68. Qd4 Ka8 69. a5 Rbd6 70. Qh8+ Ka7 71. Kf4 Kb7 72. Qg7+ Ka8 73. Qc7 Rc6 74. Qd7 Rcd6 75. Qc8+ Ka7 76. Kg5 Rc6 77. Qd7+ Ka8 78. Kh6 Red6 79. Qe7 Kb8 80. f4 Ka8 81. Kg5 Kb8 82. Qe8+ Kb7 83. h5 gxh5 84. Qxh5 Kc7 85. Qf7+ Kb8 86. Kxf5 Ka8 87. Ke5 Rh6 88. f5 Kb8 89. Qd7 Ka8 90. Kd5 Rcf6 91. Qc8+ Ka7 92. Kc5 Rh7 93. Kd4 Rhh6 94. Qc7+ Ka8 95. Qd8+ Ka7 96. Qd7+ Ka8 97. Kd5 Kb8 98. Qe8+ Ka7 99. Qc8 Rf7 100. Qc5+ Kb7 101. Ke5 Rhf6 102. Ke4 Ka8 103. Qd5+ Ka7 104. Qc5+ Ka8 105. Qc8+ Ka7 106. Ke5 Rxf5+ 107. Qxf5 Rxf5+ 108. Kxf5 Kb7 109. Ke5 Kc6 110. Kd4 Kd6 111. Kd3 Kc6 112. Kc3 Kd6 113. Kb3 Kc6 114. Kc4 Kd6 115. b5 1/2-1/2

[Event "Kaltern op 5th"]
[Site "Kaltern"]
[Date "2022.10.23"]
[Round "4"]
[White "Maglioni, Leonardo"]
[Black "Bevilacqua, Maurizio"]
[Result "1-0"]
[WhiteElo "1822"]
[BlackElo "2032"]
[PlyCount "101"]
[EventDate "2022.10.21"]
[EventType "swiss"]
[EventRounds "5"]
[EventCountry "ITA"]
[SourceTitle "EXT 2024"]
[Source "ChessBase"]
[SourceDate "2023.10.10"]
[SourceVersion "1"]
[SourceVersionDate "2023.10.10"]
[SourceQuality "1"]

1. b4 e5 2. Bb2 f6 3. e4 Bxb4 4. Bc4 Ne7 5. Qh5+ Ng6 6. f4 exf4 7. Nf3 Qe7 8. Kd1 Nc6 9. e5 fxe5 10. Bxe5 Ncxe5 11. Nxe5 Qxe5 12. Re1 Qxe1+ 13. Kxe1 Be7 14. Bd3 0-0 15. Nc3 c6 16. Kf1 d5 17. Re1 Rf7 18. Ne2 Bd7 19. Nd4 Bc5 20. Nf3 Nf8 21. c4 g6 22. Qh6 Re8 23. Rxe8 Bxe8 24. Qg5 Be7 25. Qe5 Nd7 26. Qc7 Nc5 27. Be2 Bf6 28. Qb8 Rf8 29. Qxa7 Ne4 30. cxd5 cxd5 31. Qxb7 Bf7 32. Qc6 Kg7 33. Bd3 Re8 34. h4 h6 35. a4 g5 36. hxg5 hxg5 37. Qd7 Re7 38. Qc8 Be6 39. Qb8 Ng3+ 40. Kg1 Bf7 41. a5 Re8 42. Qd6 Re6 43. Qb4 Ne4 44. a6 Be7 45. Qd4+ Kg8 46. a7 Bc5 47. a8Q+ Re8 48. Qxc5 Rxa8 49. Bxe4 dxe4 50. Qxg5+ Kf8 51. Ne5 1-0

[Event "Kaltern op 5th"]
[Site "Kaltern"]
[Date "2022.10.22"]
[Round "2"]
[White "Buglisi, Massimo"]
[Black "Maglioni, Leonardo"]
[Result "1-0"]
[WhiteElo "1943"]
[BlackElo "1822"]
[PlyCount "73"]
[EventDate "2022.10.21"]
[EventType "swiss"]
[EventRounds "5"]
[EventCountry "ITA"]
[SourceTitle "EXT 2024"]
[Source "ChessBase"]
[SourceDate "2023.10.10"]
[SourceVersion "1"]
[SourceVersionDate "2023.10.10"]
[SourceQuality "1"]

1. e4 c5 2. d4 cxd4 3. c3 dxc3 4. Nxc3 Nc6 5. Nf3 e6 6. Bc4 Bb4 7. 0-0 Nge7 8. Qc2 0-0 9. Rd1 a6 10. Be3 Ng6 11. a3 Be7 12. b4 b5 13. Ba2 Qc7 14. Nd5 exd5 15. exd5 Nge5 16. Nxe5 Qxe5 17. dxc6 dxc6 18. Bd4 Qg5 19. Qe4 Bf5 20. Qe2 Rfe8 21. Re1 Bg4 22. f3 Bd7 23. Qd3 Qf5 24. Qc3 Qg6 25. Rad1 Bf5 26. Qe3 h5 27. Qd2 Bf6 28. Qb2 Bxd4+ 29. Qxd4 Bh3 30. Qf2 Be6 31. Rd6 Red8 32. Bb1 Qg5 33. f4 Qh6 34. Rxc6 Rac8 35. Rxa6 g6 36. h3 Rd4 37. Qxd4 1-0

[Event "Kaltern op 5th"]
[Site "Kaltern"]
[Date "2022.10.21"]
[Round "1"]
[White "Maglioni, Leonardo"]
[Black "Ritzka, Simon"]
[Result "1/2-1/2"]
[WhiteElo "1822"]
[BlackElo "2041"]
[PlyCount "86"]
[EventDate "2022.10.21"]
[EventType "swiss"]
[EventRounds "5"]
[EventCountry "ITA"]
[SourceTitle "EXT 2024"]
[Source "ChessBase"]
[SourceDate "2023.10.10"]
[SourceVersion "1"]
[SourceVersionDate "2023.10.10"]
[SourceQuality "1"]

1. b4 e5 2. Bb2 d6 3. e3 Nf6 4. c4 Be7 5. Nc3 0-0 6. Nf3 Bf5 7. Be2 Re8 8. d4 exd4 9. Nxd4 Bg6 10. 0-0 d5 11. Qb3 Nc6 12. Nxd5 Nxd5 13. cxd5 Nxb4 14. Bc4 c5 15. dxc6 Nxc6 16. Bb5 Nxd4 17. Bxd4 Rf8 18. Qb2 Bf6 19. Bxf6 Qxf6 20. Qxf6 gxf6 21. Rac1 a6 22. Bc4 Rfd8 23. Rfd1 Be4 24. f3 Bc6 25. Rxd8+ Rxd8 26. Bxa6 Bxf3 27. gxf3 bxa6 28. Rc2 Kg7 29. Kf2 Rd5 30. Ke2 Ra5 31. Kd3 f5 32. f4 Ra3+ 33. Ke2 Kg6 34. Kf3 a5 35. Rg2+ Kf6 36. Rb2 h6 37. Rb6+ Kg7 38. Rb2 Kg6 39. Rb6+ f6 40. Rb2 Kh5 41. Rc2 Kg6 42. Rg2+ Kf7 43. Rb2 Kg6 1/2-1/2